4 x Top 10 Countries With the Hottest Men - Statistics

General Stats
  • This quiz has been taken 696 times
  • The average score is 32 of 40
Answer Stats
# Co % Correct
Womens24/7.com 8# United States
98%
Therichest.com 4# United States
98%
Insidermonkey.com 1# United States
98%
Womens24/7.com 3# England
95%
Insidermonkey.com 2# England
95%
Womens24/7.com 9# France
94%
Therichest.com 1# France
94%
Insidermonkey.com 9# Scotland
94%
Theblogabroad.com 6# Spain
94%
Womens24/7.com 2# Spain
94%
Therichest.com 6# Spain
94%
Insidermonkey.com 4# Spain
94%
Insidermonkey.com 7# Brazil
92%
Theblogabroad.com 5# Italy
92%
Womens24/7.com 1# Italy
92%
Therichest.com 7# Italy
92%
Insidermonkey.com 5# Italy
92%
Therichest.com 10# Canada
89%
Insidermonkey.com 8# Canada
89%
Theblogabroad.com 4# Germany
89%
Womens24/7.com 6# Germany
89%
Therichest.com 9# Germany
89%
Womens24/7.com 4# Australia
87%
Insidermonkey.com 6# Australia
87%
Theblogabroad.com 2# Sweden
86%
Insidermonkey.com 10# Sweden
86%
Womens24/7.com 7# Japan
81%
Therichest.com 3# Japan
81%
Theblogabroad.com 1# Argentina
79%
Insidermonkey.com 3# Ireland
76%
Theblogabroad.com 9# Greece
75%
Therichest.com 5# Greece
75%
Womens24/7.com 5# South Africa
62%
Therichest.com 8# South Africa
62%
Theblogabroad.com 10# Cuba
49%
Womens24/7.com 10# Cuba
49%
Therichest.com 2# Cuba
49%
Theblogabroad.com 7# Israel & Palestine
41%
Theblogabroad.com 8# Morocco
40%
Theblogabroad.com 3# Serbia
30%
No matching quizzes found
Score Distribution
Percent of People with Each Score
Percentile by Number Answered
Your Score History
You have not taken this quiz